| Поле | Название | Значение |
| |
Тип записи |
a |
| |
Библиографический уровень |
m |
| 001 |
Контрольный номер |
RU/IS/BASE/535191889 |
| 005 |
Дата корректировки |
20240209174706.2 |
| 010 |
Индекс ISBN |
__ |
| a |
ISBN |
5-277-00841-1 |
| d |
Цена |
1 р. 50 к. |
| 9 |
Тираж |
50 000 экз. |
| 100 |
Данные общей обработки |
__ |
| a |
Данные общей обработки |
20161216d2016 ||| 0rusy0189 ca |
| 101 |
Язык документа |
0_ |
| a |
Язык текста |
rus |
| 102 |
Страна публикации |
__ |
| a |
Страна публикации |
RU |
| 105 |
Кодированные данные (монография) |
__ |
| a |
Кодированные данные (монография) |
y###||||000|y |
| 200 |
Заглавие и сведения об ответственности |
1_ |
| a |
Заглавие |
Труд и здоровье водителя автомобиля |
| b |
Общее обозначение материала |
Текст |
| f |
Первые сведения об ответственности |
О. В. Глушко, Н. В. Клюев |
| 205 |
Сведения об издании |
__ |
| a |
Основные сведения об издании |
3-е изд., перераб. и доп. |
| 210 |
Выходные данные |
1_ |
| a |
Место издания |
Москва |
| c |
Издательство |
Транспорт |
| d |
Дата издания |
1991 |
| 215 |
Физическое описание |
__ |
| a |
Объем |
223 с. |
| c |
Иллюстрации/тип воспроизводства |
ил. |
| d |
Формат |
17 см. |
| 300 |
Общие примечания |
__ |
| a |
Общие примечания |
Ограничения по возрасту - 18+ |
| 300 |
Общие примечания |
__ |
| a |
Общие примечания |
Под инв. номером 56074: 4-1 |
| 606 |
Тематические рубрики |
0_ |
| a |
Основная рубрика |
Шоферы - Здоровье и гигиена |
| 610 |
Ключевые слова |
0_ |
| a |
Ключевые слова |
здоровье |
| a |
Ключевые слова |
шоферы |
| a |
Ключевые слова |
водители автомобиля |
| 686 |
Индексы других классификаций |
__ |
| a |
Классификационный индекс |
51.24 |
| 2 |
Код системы |
ББК |
| 700 |
Автор |
_0 |
| a |
Фамилия |
Глушко |
| b |
Имя (инициалы) |
Олег Васильевич |
| g |
Полное личное имя |
О. В. |
| 701 |
Альтернативная интеллектуальная ответственность |
_0 |
| a |
Фамилия |
Клюев |
| b |
Имя (инициалы) |
Н. В. |
| 801 |
Источник записи |
_0 |
| a |
Страна |
RU |
| b |
Организация |
МБУК ЦБС |
| c |
Дата составления |
20161216 |
| g |
Правила каталогизации |
RCR |
| 801 |
Источник записи |
_1 |
| a |
Страна |
RU |
| b |
Организация |
МБУК ЦБС г. Ульяновска |
| c |
Дата составления |
20161216 |
| g |
Правила каталогизации |
RCR |
| 899 |
Данные о местонахождении |
__ |
| i |
Авторский знак |
Г 55 |
| j |
Расстановочный фильтр |
51.2 |
| 901 |
Тип документа |
__ |
| t |
Тип документа |
m |
| 910 |
Корректоры записи |
__ |
| a |
Корректор записи |
Тихонова |